Techniques and Mechanisms in Electrochemistry /

Saved in:
Bibliographic Details
Main Authors: Christensen, P.A (Author), Hamnett, A (Author)
Format: Book
Language:English
Published: London : Blackie Academic and Professional, 1994
Tags: Add Tag
No Tags, Be the first to tag this record!

MARC

LEADER 00000nam a22000003a 4500
001 stu16310
005 20150617225757.1
008 970715s1994----uk------------------eng-d
020 |a 0-7514-0129-3 
040 |a STU  |b slo 
041 0 |a eng 
044 |a uk 
080 |a 541.13 
100 1 |a Christensen, P.A  |4 aut 
245 1 |a Techniques and Mechanisms in Electrochemistry /  |c [aut.]Christensen,P.A., Hamnett,A 
260 |a London :  |b Blackie Academic and Professional,  |c 1994 
300 |a 379 s :  |b Tab.,grafy,lit.,index 
700 1 |a Hamnett, A  |4 aut 
996 |b C94893  |c C*94893  |l CCVI  |s P  |a 0  |w stu16310_0001